| 000 | 01130nam a22003257a 4500 | ||
|---|---|---|---|
| 003 | OSt | ||
| 005 | 20230516130131.0 | ||
| 008 | 230516b |||||||| |||| 00| 0 eng d | ||
| 040 | _cLado V | ||
| 082 |
_2708 _aM595c |
||
| 100 |
_9827 _aMetternich, Alain _edirector |
||
| 245 | _aConnaissance des ARTS/ | ||
| 260 |
_aBelgica _aCanada _aGran Bretaña _aItalia _aEspaña _aPortugal _aChile _bPresse Payante _c2006 |
||
| 300 |
_a66p. _c22x29cm |
||
| 490 |
_a277 _v2006 |
||
| 505 | _aExperiences italiennes | ||
| 505 | _aL'espoir du futur | ||
| 505 | _aDe Chirico, l'enigme metaphysique | ||
| 505 | _aUn pur art italien | ||
| 505 | _aMorandi, entre fini et infini | ||
| 505 | _aRevolutions de l'apres-guerre | ||
| 505 | _aReperes biographiques | ||
| 505 | _aGuide pratique | ||
| 650 |
_2Tesauro de Arte & Arquitectura _aCATALOGO |
||
| 650 |
_2Tesauro de Arte & Arquitectura _aREVISTA |
||
| 650 |
_2Tesauro de Arte & Arquitectura _aARTE INTERNACIONAL |
||
| 650 |
_2Tesauro de Arte & Arquitectura _aCRITICA |
||
| 651 |
_2Tesauro de Arte & Arquitectura _aFRANCIA |
||
| 942 |
_2ddc _c1 _h708 _iM595c _n0 |
||
| 999 |
_c3579 _d3579 |
||